Loading...
| Fine Arts - Classical Music | 0 | 5 | 0 | 1 | 50 | 68 | 109.20 | 3 | 5 |
| Literature - British Literature | 0 | 4 | 1 | 0 | 35 | 50 | 94.00 | 3 | 4 |
| Literature - World/Other Literature | 0 | 3 | 0 | 0 | 30 | 49 | 72.33 | 1 | 3 |
| Literature - American Literature | 0 | 3 | 1 | 0 | 25 | 23 | 71.00 | 1 | 3 |
| History - American History | 0 | 2 | 0 | 1 | 20 | 93 | 93.00 | 0 | 2 |
| Literature - European Literature | 0 | 2 | 0 | 0 | 20 | 76 | 103.50 | 0 | 2 |
| Religion | 0 | 2 | 1 | 0 | 15 | 83 | 93.50 | 1 | 1 |
| Mythology | 0 | 2 | 1 | 1 | 15 | 73 | 110.50 | 1 | 1 |
| Fine Arts - Other Fine Arts | 0 | 1 | 0 | 0 | 10 | 80 | 80.00 | 1 | 1 |
| History - European History | 0 | 1 | 0 | 0 | 10 | 104 | 104.00 | 1 | 1 |
| Geography/Current Events | 0 | 1 | 0 | 0 | 10 | 100 | 100.00 | 0 | 0 |
| History - Other History | 0 | 1 | 0 | 0 | 10 | 75 | 75.00 | 0 | 1 |
| Philosophy | 0 | 1 | 0 | 1 | 10 | 106 | 106.00 | 0 | 1 |
| Fine Arts - Visual Fine Arts | 0 | 0 | 1 | 0 | -5 | 0.00 | 0 | 0 |